| 000 | 00749pam a2200241 a 4500 | ||
|---|---|---|---|
| 005 | 20260322212038.0 | ||
| 008 | data | ||
| 010 | _a 92029397 | ||
| 020 |
_a0486272737 (pbk.) : _c{dollar}1.00 |
||
| 020 |
_a9780486272733 (pbk.) : _c{dollar}1.00 |
||
| 040 |
_aDLC _cDLC _dDLC |
||
| 050 | 0 | 0 |
_aPS2253 _b 1992b |
| 082 | 0 | 0 |
_a811/.3 _220 |
| 092 | _a811 L853 1992 | ||
| 100 | 1 |
_aLongfellow, Henry Wadsworth, _d1807-1882. |
|
| 240 | 1 | 0 |
_aPoems. _kSelections |
| 245 | 1 | 0 |
_aFavorite poems / _cHenry Wadsworth Longfellow. |
| 260 |
_aNew York : _bDover Publications, _c1992. |
||
| 300 |
_aviii, 85 p. ; _c21 cm. |
||
| 440 | 0 | _aDover thrift editions | |
| 856 | 4 | 2 |
_3Publisher description _uhttp://www.loc.gov/catdir/description/dover033/92029397.html |
| 001 | data | ||
| 999 |
_c904 _d904 |
||